[Event "RM-2011-0-00076"]
[Site "LSS email"]
[Date "2011.06.27"]
[Round "?"]
[White "Drysdale, Bryan R"]
[Black "Deghose, Max"]
[Result "1/2-1/2"]
[WhiteElo "2261"]
[BlackElo "2219"]
[PlyCount "96"]
[EventDate "2011.03.21"]
[EventType "tourn (corr)"]
[EventRounds "6"]
[EventCountry "GER"]
[SourceTitle "Telechess CBM 149"]
[Source "ChessBase"]
[SourceDate "2012.07.17"]
[SourceVersion "1"]
[SourceVersionDate "2012.07.17"]
[SourceQuality "1"]

1. e4 g6 2. d4 Bg7 3. Nc3 c5 4. Nf3 Qa5 5. Be3 Nf6 6. Qd2 cxd4 7. Nxd4 Nc6 8. Nb3 Qc7 9. f3 d6 10. 0-0-0 a6 11. g4 b5 12. Be2 Be6 13. g5 Nh5 14. Nd5 Bxd5 15. exd5 Ne5 16. Qa5 Qd7 17. Nd4 Nc4 18. Bxc4 bxc4 19. Qb4 0-0 20. Qxc4 Rfc8 21. Qd3 Qb7 22. Qb3 Qc7 23. c3 Rab8 24. Qc2 Rb7 25. Rhg1 Rcb8 26. b3 Qc5 27. c4 a5 28. Rd3 Nf4 29. Bxf4 Bxd4 30. Re1 a4 31. Kd1 Ra8 32. Re4 Bg7 33. Be3 Qc8 34. h4 Qh3 35. Bf2 h5 36. gxh6 Bxh6 37. Ke2 Bg7 38. Qb1 axb3 39. Rxb3 Rxb3 40. Qxb3 Qh2 41. a4 f5 42. Qb7 fxe4 43. Qxa8+ Kf7 44. Qa7 exf3+ 45. Kxf3 Qh1+ 46. Ke2 Qe4+ 47. Kd2 Qxc4 48. Qa5 Qf1 1/2-1/2

[Event "RM-2011-0-00076"]
[Site "LSS email"]
[Date "2011.06.22"]
[Round "?"]
[White "Drysdale, Bryan R"]
[Black "Szabo, Vilmos"]
[Result "0-1"]
[WhiteElo "2261"]
[BlackElo "2404"]
[PlyCount "58"]
[EventDate "2011.03.21"]
[EventType "tourn (corr)"]
[EventRounds "6"]
[EventCountry "GER"]
[SourceTitle "Telechess CBM 149"]
[Source "ChessBase"]
[SourceDate "2012.07.17"]
[SourceVersion "1"]
[SourceVersionDate "2012.07.17"]
[SourceQuality "1"]

1. e4 e5 2. Nf3 Nc6 3. d4 exd4 4. Nxd4 Nf6 5. Nxc6 bxc6 6. e5 Qe7 7. Qe2 Nd5 8. c4 Ba6 9. b3 g6 10. f4 g5 11. f5 0-0-0 12. Bb2 Qc5 13. Nd2 Ne3 14. Ne4 Qb6 15. Bc3 Bb7 16. Rc1 Nxf5 17. Qf2 Qxf2+ 18. Kxf2 c5 19. Nf6 Nd4 20. Bd3 h5 21. Rhf1 d6 22. exd6 Rxd6 23. Kg1 Bg7 24. Nd5 Rd7 25. Nf6 Bxf6 26. Rxf6 Re8 27. Rd1 Be4 28. Re1 Rde7 29. Kf1 Bxd3+ 0-1

[Event "RM-2011-0-00076"]
[Site "LSS email"]
[Date "2011.06.22"]
[Round "?"]
[White "Szabo, Mihaly"]
[Black "Drysdale, Bryan R"]
[Result "1-0"]
[WhiteElo "2200"]
[BlackElo "2261"]
[PlyCount "81"]
[EventDate "2011.03.21"]
[EventType "tourn (corr)"]
[EventRounds "6"]
[EventCountry "GER"]
[SourceTitle "Telechess CBM 149"]
[Source "ChessBase"]
[SourceDate "2012.07.17"]
[SourceVersion "1"]
[SourceVersionDate "2012.07.17"]
[SourceQuality "1"]

1. e4 d5 2. exd5 Nf6 3. Nf3 Nxd5 4. d4 Bg4 5. h3 Bh5 6. c4 Nb6 7. c5 N6d7 8. Be2 e6 9. Qb3 Qc8 10. Be3 Be7 11. Nc3 0-0 12. g4 Bg6 13. h4 h5 14. Ng5 hxg4 15. Nxe6 fxe6 16. Qxe6+ Bf7 17. Qxe7 Nf6 18. Qe5 Nc6 19. Qg5 Nb4 20. Rd1 Nh7 21. Qxg4 Qxg4 22. Bxg4 Nxa2 23. h5 Nxc3 24. bxc3 Nf6 25. Be2 Ne4 26. c4 Nc3 27. Rc1 Nxe2 28. Kxe2 Kh7 29. Kd3 c6 30. h6 Bg6+ 31. Kc3 Rg8 32. Rh4 gxh6 33. Bxh6 Bf5 34. Be3+ Kg6 35. d5 cxd5 36. cxd5 Rad8 37. d6 Rh8 38. Ra4 a6 39. Rg1+ Kf7 40. Rf4 Ke6 41. Re1 1-0

[Event "CFriend SH-2003-0-00009 email"]
[Site "Chessfriend.com"]
[Date "2003.08.05"]
[Round "?"]
[White "Drysdale, Bryan R"]
[Black "Koch, Christian"]
[Result "1/2-1/2"]
[WhiteElo "2290"]
[BlackElo "2141"]
[PlyCount "87"]
[EventDate "2003.08.05"]
[EventType "tourn (corr)"]
[EventRounds "8"]
[SourceTitle "Corr 2008"]
[Source "ChessBase"]
[SourceDate "2008.06.24"]
[SourceVersion "1"]
[SourceVersionDate "2008.06.24"]
[SourceQuality "1"]

1. e4 c5 2. c3 d5 3. exd5 Qxd5 4. d4 cxd4 5. cxd4 Nf6 6. Nc3 Qd6 7. Nge2 e6 8. g3 Be7 9. Bg2 0-0 10. 0-0 Nc6 11. Bf4 Qd8 12. a3 Bd7 13. b4 Rc8 14. Rc1 Qb6 15. Be3 Ng4 16. Nf4 Nxe3 17. fxe3 Nb8 18. Nd3 Bg5 19. Qe2 Qa6 20. a4 Bxa4 21. Nxa4 Qxa4 22. Bxb7 Rxc1 23. Rxc1 Na6 24. h4 Bh6 25. g4 Nxb4 26. g5 Bxg5 27. hxg5 Qb5 28. Be4 Qxg5+ 29. Bg2 Nd5 30. e4 Ne3 31. Rc5 f5 32. exf5 Nxg2 33. Qxg2 Qe3+ 34. Nf2 Qxd4 35. Qc6 exf5 36. Qe6+ Kh8 37. Rc8 Qb4 38. Qxf5 Kg8 39. Qe6+ Kh8 40. Nd3 Qb1+ 41. Nc1 Qb4 42. Nd3 Qb1+ 43. Nc1 Qb4 44. Nd3 1/2-1/2

[Event "CFriend SH-2003-0-00009 email"]
[Site "Chessfriend.com"]
[Date "2003.08.05"]
[Round "?"]
[White "Simmelink, Joop Theo"]
[Black "Drysdale, Bryan R"]
[Result "0-1"]
[WhiteElo "2315"]
[BlackElo "2290"]
[PlyCount "76"]
[EventDate "2003.08.05"]
[EventType "tourn (corr)"]
[EventRounds "8"]
[SourceTitle "Corr 2008"]
[Source "ChessBase"]
[SourceDate "2008.06.24"]
[SourceVersion "1"]
[SourceVersionDate "2008.06.24"]
[SourceQuality "1"]

1. e4 d5 2. exd5 Nf6 3. d4 Bg4 4. f3 Bf5 5. Bb5+ Nbd7 6. c4 e6 7. dxe6 Bxe6 8. c5 c6 9. Bd3 b6 10. cxb6 Qxb6 11. Ne2 c5 12. 0-0 cxd4 13. Nf4 Bd6 14. Nxe6 fxe6 15. Nd2 0-0 16. Nc4 Qc7 17. Nxd6 Qxd6 18. Re1 Rac8 19. b3 Nd5 20. Bc4 e5 21. f4 Rxc4 22. bxc4 Nxf4 23. Bxf4 Rxf4 24. Qa4 d3 25. Qxa7 Rxc4 26. a4 Qd5 27. Qe3 Rc2 28. Qg3 e4 29. Qe3 Nf6 30. h3 Qa5 31. Rab1 h6 32. Rf1 Qe5 33. Rxf6 gxf6 34. Qxh6 d2 35. Rd1 Qd4+ 36. Kf1 Rc5 37. Qg6+ Kf8 38. Qh6+ Ke7 0-1

[Event "IECG WC.2005.S.00006 email"]
[Site "IECG email"]
[Date "2003.05.19"]
[Round "?"]
[White "Drysdale, Bryan R"]
[Black "Lund, Carsten"]
[Result "1-0"]
[WhiteElo "2169"]
[BlackElo "1972"]
[PlyCount "85"]
[EventDate "2003.05.19"]
[EventType "tourn (corr)"]
[EventRounds "10"]
[SourceTitle "Corr 2008"]
[Source "ChessBase"]
[SourceDate "2008.06.24"]
[SourceVersion "1"]
[SourceVersionDate "2008.06.24"]
[SourceQuality "1"]

1. e4 c5 2. c3 Nf6 3. e5 Nd5 4. Nf3 Nc6 5. Bc4 Nb6 6. Bb3 c4 7. Bc2 Qc7 8. Qe2 g5 9. h3 Bg7 10. 0-0 Nxe5 11. Nxg5 d5 12. Re1 h6 13. Nf3 Nxf3+ 14. Qxf3 e5 15. Qg3 Bf6 16. d4 cxd3 17. Bxd3 Be6 18. Bb5+ Nd7 19. Na3 a6 20. Bxd7+ Kxd7 21. Qf3 Be7 22. c4 dxc4 23. b3 cxb3 24. Bb2 f6 25. Rac1 Qb6 26. Nc4 Bxc4 27. Rxc4 bxa2 28. Qg4+ Ke8 29. Qg7 Rf8 30. Qg6+ Rf7 31. Bxe5 Qb5 32. Bxf6 a1Q 33. Rxa1 Qxc4 34. Re1 Kd7 35. Rd1+ Kc8 36. Be5 h5 37. Rd4 Qb3 38. Rd3 Qa2 39. Kh2 Rf8 40. Rc3+ Kd8 41. Qb6+ Ke8 42. Qxb7 Kf7 43. Rf3+ 1-0

[Event "IECG WC.2005.S.00006 email"]
[Site "IECG email"]
[Date "2003.05.19"]
[Round "?"]
[White "Rooms, Trevor J"]
[Black "Drysdale, Bryan R"]
[Result "1/2-1/2"]
[WhiteElo "2274"]
[BlackElo "2169"]
[PlyCount "86"]
[EventDate "2003.05.19"]
[EventType "tourn (corr)"]
[EventRounds "10"]
[SourceTitle "Corr 2008"]
[Source "ChessBase"]
[SourceDate "2008.06.24"]
[SourceVersion "1"]
[SourceVersionDate "2008.06.24"]
[SourceQuality "1"]

1. d4 Nf6 2. Nc3 d5 3. e4 e6 4. e5 Nfd7 5. Be3 c5 6. Bb5 cxd4 7. Qxd4 Nc6 8. Qf4 a6 9. Bxc6 bxc6 10. Nf3 Rb8 11. 0-0-0 h6 12. Kb1 Qa5 13. Bd2 Qb6 14. b3 c5 15. Rhe1 Bb7 16. Qg4 Bc6 17. Na4 Qc7 18. Nb2 a5 19. Ka1 Nb6 20. Rb1 Ra8 21. Nd3 d4 22. c4 dxc3 23. Bxc3 h5 24. Qg3 Bb5 25. Ng5 h4 26. Qf3 Nd5 27. Nb2 a4 28. bxa4 Bc6 29. Ne4 Be7 30. Nd6+ Bxd6 31. exd6 Qxd6 32. Nc4 Qf4 33. Qxf4 Nxf4 34. Nb6 Ra6 35. g3 Nd3 36. Re2 hxg3 37. fxg3 0-0 38. Rd2 Be4 39. a5 c4 40. Rb5 f5 41. a4 Rf7 42. Ka2 Rc7 43. Ka3 Kh7 1/2-1/2

[Event "IECG RH.2003.0.00006 email"]
[Site "IECG email"]
[Date "2003.05.15"]
[Round "?"]
[White "Drysdale, Bryan R"]
[Black "Safarian, Armen A"]
[Result "1-0"]
[WhiteElo "2169"]
[BlackElo "2322"]
[PlyCount "61"]
[EventDate "2003.05.15"]
[EventType "tourn (corr)"]
[EventRounds "6"]
[SourceTitle "Corr 2008"]
[Source "ChessBase"]
[SourceDate "2008.06.24"]
[SourceVersion "1"]
[SourceVersionDate "2008.06.24"]
[SourceQuality "1"]

1. e4 e5 2. Nf3 Nc6 3. d4 exd4 4. Nxd4 Qh4 5. Nc3 Bb4 6. Be2 Qxe4 7. Ndb5 Bxc3+ 8. bxc3 Kd8 9. 0-0 Nf6 10. Rb1 Re8 11. Bf3 Qf5 12. Nd4 Nxd4 13. cxd4 d5 14. Rb3 c6 15. Be2 Ne4 16. a4 Qf6 17. c4 dxc4 18. Bxc4 Nd6 19. Rf3 Bf5 20. Ba2 Qe7 21. h3 Qd7 22. Ba3 Ne4 23. Re1 b6 24. Rfe3 Rc8 25. Bb1 Qe6 26. d5 Qxd5 27. Rd3 Nc3 28. Rxd5+ cxd5 29. Rxe8+ Kxe8 30. Qe1+ Be6 31. Bf5 1-0

[Event "CFriend SH-2003-0-00006 email"]
[Site "Chessfriend.com"]
[Date "2003.05.13"]
[Round "?"]
[White "Drysdale, Bryan R"]
[Black "Mrkvicka, Josef"]
[Result "1-0"]
[WhiteElo "2181"]
[BlackElo "2219"]
[PlyCount "87"]
[EventDate "2003.??.??"]
[EventType "tourn (corr)"]
[EventRounds "8"]
[SourceTitle "Corr 2008"]
[Source "ChessBase"]
[SourceDate "2008.06.24"]
[SourceVersion "1"]
[SourceVersionDate "2008.06.24"]
[SourceQuality "1"]

1. e4 c5 2. c3 d5 3. exd5 Qxd5 4. d4 Nf6 5. Nf3 e6 6. Na3 Nc6 7. Be2 Qd8 8. 0-0 cxd4 9. Nb5 Be7 10. Nbxd4 Nxd4 11. Nxd4 0-0 12. Bf4 a6 13. Bf3 Nd5 14. Bg3 Bf6 15. Nb3 b5 16. Re1 Ra7 17. a4 b4 18. c4 Ne7 19. Qc2 Nf5 20. c5 Nxg3 21. hxg3 Rc7 22. c6 g6 23. Rad1 Qe7 24. Nc5 a5 25. Nb3 Ra7 26. Nd4 Ra6 27. Nb5 Bg7 28. c7 e5 29. Rd5 f5 30. Red1 e4 31. Be2 Be5 32. Rd8 Raf6 33. Na7 Qxc7 34. Qxc7 Bxc7 35. Rxc8 Rxc8 36. Nxc8 Kf8 37. b3 Ke8 38. g4 f4 39. Bb5+ Kf8 40. Kf1 e3 41. Bc4 Ke8 42. fxe3 fxe3+ 43. Ke2 Rf4 44. g5 1-0

[Event "IECG WC.2003.P.00012 email"]
[Site "IECG email"]
[Date "2000.??.??"]
[Round "?"]
[White "Drysdale, Bryan R"]
[Black "De Sa Nobrega, Aurelio Agostinhio"]
[Result "0-1"]
[WhiteElo "2070"]
[BlackElo "1800"]
[PlyCount "104"]
[EventDate "2000.01.26"]
[EventType "tourn (corr)"]
[EventRounds "10"]
[SourceTitle "Corr 2008"]
[Source "ChessBase"]
[SourceDate "2008.06.24"]
[SourceVersion "1"]
[SourceVersionDate "2008.06.24"]
[SourceQuality "1"]

1. e4 c5 2. c3 Nf6 3. e5 Nd5 4. d4 cxd4 5. Nf3 Nc6 6. Bc4 Nb6 7. Bb3 d6 8. exd6 Qxd6 9. 0-0 Be6 10. Bxe6 Qxe6 11. Nxd4 Nxd4 12. cxd4 Qd7 13. Nc3 e6 14. Qg4 Nd5 15. Nxd5 Qxd5 16. Be3 h5 17. Qe2 Bd6 18. Rac1 0-0 19. a3 Rac8 20. Rc2 Rfd8 21. Rfc1 Rxc2 22. Rxc2 a6 23. h3 g6 24. Qc4 Qxc4 25. Rxc4 Kg7 26. Kf1 Kf6 27. Ke2 Ke7 28. Kf3 Kd7 29. Ke4 Rc8 30. Rxc8 Kxc8 31. d5 Kd7 32. a4 b5 33. axb5 axb5 34. b3 f5+ 35. Kd4 e5+ 36. Kc3 Be7 37. b4 g5 38. Bb6 h4 39. f3 Bf6 40. Bc5 e4+ 41. Kd2 exf3 42. gxf3 Be7 43. Be3 g4 44. fxg4 fxg4 45. hxg4 h3 46. Bg1 Bxb4+ 47. Kd3 Bc5 48. Bh2 Bd6 49. Bg1 h2 50. Bxh2 Bxh2 51. Kc3 Bd6 52. Kd4 Ke7 0-1

[Event "IECG CP.1999.P.00073"]
[Site "IECG email"]
[Date "1999.10.01"]
[Round "?"]
[White "Klett, Harald"]
[Black "Drysdale, Bryan R"]
[Result "0-1"]
[WhiteElo "1800"]
[BlackElo "2080"]
[PlyCount "55"]
[EventDate "1999.10.01"]
[EventType "tourn (corr)"]
[EventRounds "6"]
[EventCountry "CAN"]
[SourceTitle "Corr 2008"]
[Source "ChessBase"]
[SourceDate "2008.06.24"]
[SourceVersion "1"]
[SourceVersionDate "2008.06.24"]
[SourceQuality "1"]

1. e4 d5 2. exd5 Nf6 3. c4 e6 4. dxe6 Bxe6 5. Nf3 Qe7 6. Qe2 Nc6 7. d4 Bg4 8. Be3 0-0-0 9. d5 Ne5 10. Nc3 Nfd7 11. 0-0-0 Qf6 12. h3 Bxf3 13. gxf3 Qxf3 14. Qxf3 Nxf3 15. Bxa7 b6 16. Be2 Nfe5 17. Rhg1 g5 18. Nb5 Kb7 19. a3 Ra8 20. Kc2 h6 21. b4 Rxa7 22. Nxa7 Kxa7 23. Rdf1 Ng6 24. Re1 Nde5 25. Rg3 Bg7 26. a4 c6 27. Bf3 f5 28. Bg2 0-1

[Event "IECG FI.1999.0.00002 Jim Krepp mem II"]
[Site "IECG email"]
[Date "1999.06.01"]
[Round "?"]
[White "Drysdale, Bryan R"]
[Black "Grazinys, Vidmantas"]
[Result "1/2-1/2"]
[WhiteElo "2041"]
[BlackElo "2059"]
[PlyCount "92"]
[EventDate "1999.06.01"]
[EventType "tourn (corr)"]
[EventRounds "12"]
[SourceTitle "Corr 2008"]
[Source "ChessBase"]
[SourceDate "2008.06.24"]
[SourceVersion "1"]
[SourceVersionDate "2008.06.24"]
[SourceQuality "1"]

1. e4 e5 2. Nf3 Nc6 3. d4 exd4 4. Nxd4 Bc5 5. Be3 Qf6 6. c3 Nge7 7. Bc4 Ne5 8. Be2 Qg6 9. 0-0 d6 10. f3 0-0 11. Nd2 d5 12. Kh1 dxe4 13. fxe4 Ng4 14. Bf4 Bd6 15. Nc4 Bxf4 16. Rxf4 Nf6 17. g3 Qg5 18. Nf3 Qh5 19. e5 Nfd5 20. Rh4 Qg6 21. Nd4 f5 22. Qb3 f4 23. Rg1 Qf7 24. Bd3 Ng6 25. e6 Bxe6 26. Ne5 Qf6 27. Nxg6 hxg6 28. Nxe6 Qxe6 29. Bxg6 Qxg6 30. Qxd5+ Qf7 31. Qxb7 fxg3 32. Qe4 Qf5 33. Qxf5 Rxf5 34. Rg4 Raf8 35. R1xg3 R8f7 36. h3 Kf8 37. Rg2 Re5 38. Kh2 Rfe7 39. b4 c5 40. a3 cxb4 41. axb4 a5 42. Rg5 axb4 43. cxb4 R5e6 44. b5 Rb6 45. Rc2 Ke8 46. Kg3 Reb7 1/2-1/2

[Event "IECG FI.1999.0.00002 Jim Krepp mem II"]
[Site "IECG email"]
[Date "1999.06.01"]
[Round "?"]
[White "Drysdale, Bryan R"]
[Black "Pijl, Richard"]
[Result "1/2-1/2"]
[WhiteElo "2041"]
[BlackElo "1855"]
[PlyCount "26"]
[EventDate "1999.06.01"]
[EventType "tourn (corr)"]
[EventRounds "12"]
[SourceTitle "Corr 2008"]
[Source "ChessBase"]
[SourceDate "2008.06.24"]
[SourceVersion "1"]
[SourceVersionDate "2008.06.24"]
[SourceQuality "1"]

1. e4 e6 2. d4 d5 3. e5 c5 4. c3 Nc6 5. Nf3 Qb6 6. Be2 cxd4 7. cxd4 Nh6 8. Nc3 Nf5 9. Na4 Qa5+ 10. Nc3 Bb4 11. Qd3 Qb6 12. a3 Be7 13. Na4 Qa5+ 1/2-1/2

[Event "IECG FI.1999.0.00002 Jim Krepp mem II"]
[Site "IECG email"]
[Date "1999.06.01"]
[Round "?"]
[White "Massimini Gerbino, Massimiliano"]
[Black "Drysdale, Bryan R"]
[Result "0-1"]
[WhiteElo "1990"]
[BlackElo "2041"]
[PlyCount "30"]
[EventDate "1999.06.01"]
[EventType "tourn (corr)"]
[EventRounds "12"]
[SourceTitle "Corr 2008"]
[Source "ChessBase"]
[SourceDate "2008.06.24"]
[SourceVersion "1"]
[SourceVersionDate "2008.06.24"]
[SourceQuality "1"]

1. e4 d5 2. exd5 Nf6 3. d4 Bg4 4. f3 Bf5 5. c4 e6 6. dxe6 Nc6 7. exf7+ Kxf7 8. d5 Nb4 9. Na3 Bc5 10. Be2 Re8 11. Kf1 Qe7 12. Bg5 h6 13. Bf4 Nh5 14. d6 Qh4 15. g3 Qf6 0-1

[Event "IECG FI.1999.0.00002 Jim Krepp mem II"]
[Site "IECG email"]
[Date "1999.06.01"]
[Round "?"]
[White "Santos, Paulo J"]
[Black "Drysdale, Bryan R"]
[Result "1-0"]
[WhiteElo "1743"]
[BlackElo "2041"]
[PlyCount "71"]
[EventDate "1999.06.01"]
[EventType "tourn (corr)"]
[EventRounds "12"]
[SourceTitle "Corr 2008"]
[Source "ChessBase"]
[SourceDate "2008.06.24"]
[SourceVersion "1"]
[SourceVersionDate "2008.06.24"]
[SourceQuality "1"]

1. d4 d5 2. c4 Nc6 3. Nc3 dxc4 4. d5 Na5 5. Qa4+ c6 6. b4 cxb3 7. axb3 e6 8. Bb2 Nxb3 9. Qxb3 exd5 10. e4 d4 11. Rd1 Be6 12. Bc4 Bxc4 13. Qxc4 c5 14. Nf3 Nf6 15. 0-0 Be7 16. e5 Nd7 17. Nd5 0-0 18. Ba3 Re8 19. Nxd4 Nxe5 20. Nxe7+ Qxe7 21. Qxc5 Qxc5 22. Bxc5 b6 23. Bd6 Nc4 24. Nb5 Rad8 25. Rd4 Nxd6 26. Rxd6 Rxd6 27. Nxd6 Re6 28. Rd1 g6 29. Kf1 a6 30. Nc4 Rc6 31. Ne3 Kg7 32. Ra1 a5 33. Rb1 h5 34. Ke2 Re6 35. Kd2 h4 36. Nc4 1-0

[Event "IECG WC.2002.P.00008 email"]
[Site "IECG email"]
[Date "1999.??.??"]
[Round "?"]
[White "Drysdale, Bryan R"]
[Black "Chester, Ian"]
[Result "1-0"]
[WhiteElo "1994"]
[BlackElo "1150"]
[PlyCount "43"]
[EventDate "1999.02.21"]
[EventType "tourn (corr)"]
[EventRounds "8"]
[SourceTitle "Corr 2008"]
[Source "ChessBase"]
[SourceDate "2008.06.24"]
[SourceVersion "1"]
[SourceVersionDate "2008.06.24"]
[SourceQuality "1"]

1. e4 e5 2. Nf3 Nf6 3. Nc3 Nc6 4. d4 exd4 5. Nxd4 Bb4 6. Nxc6 bxc6 7. Bd3 d5 8. exd5 cxd5 9. 0-0 0-0 10. Bg5 c6 11. Qf3 Be7 12. h3 Rb8 13. b3 h6 14. Bxh6 Bd6 15. Bf4 Bxf4 16. Qxf4 Be6 17. Rfe1 Re8 18. Na4 Qa5 19. Re5 Bd7 20. Rg5 Re1+ 21. Kh2 Rb4 22. Qxf6 1-0

[Event "IECG CP.1998.Q.00003"]
[Site "IECG email"]
[Date "1999.??.??"]
[Round "?"]
[White "Drysdale, Bryan R"]
[Black "Martucci, Massimo"]
[Result "1/2-1/2"]
[WhiteElo "2080"]
[BlackElo "1871"]
[PlyCount "106"]
[EventDate "1999.10.01"]
[EventType "tourn (corr)"]
[EventRounds "8"]
[EventCountry "GER"]
[SourceTitle "Corr 2008"]
[Source "ChessBase"]
[SourceDate "2008.06.24"]
[SourceVersion "1"]
[SourceVersionDate "2008.06.24"]
[SourceQuality "1"]

1. e4 e5 2. Nf3 Nc6 3. d4 exd4 4. Nxd4 Bc5 5. Be3 Qf6 6. c3 Nge7 7. Bc4 Ne5 8. Be2 Qg6 9. 0-0 d6 10. f3 0-0 11. Nd2 d5 12. Kh1 dxe4 13. fxe4 Bg4 14. Bf4 Bxe2 15. Qxe2 Bd6 16. Nb5 Rad8 17. Nb3 N7c6 18. N3d4 a6 19. Nxd6 cxd6 20. Nf5 Qe6 21. Rad1 Qxa2 22. Nxd6 Rd7 23. Rd5 Rfd8 24. Rfd1 f6 25. Be3 Ne7 26. R5d2 Qb3 27. h3 Nc8 28. Nxc8 Rxd2 29. Ne7+ Kf7 30. Rxd2 Rxd2 31. Qxd2 Kxe7 32. Bc5+ Kf7 33. Qd5+ Qxd5 34. exd5 Nc4 35. b3 Nd2 36. c4 Nxb3 37. Ba3 b6 38. g4 Ke8 39. Kg2 Nd2 40. c5 Nc4 41. cxb6 Nxb6 42. Kf3 Nxd5 43. Ke4 Ne7 44. Kd4 Kd7 45. Kc5 Kc7 46. Bc1 Nc6 47. Kd5 a5 48. Ke6 Nd8+ 49. Ke7 a4 50. h4 h5 51. gxh5 f5 52. Bf4+ Kc8 53. Bc1 a3 1/2-1/2